000 00735nam a2200205Ii 4500
003 JO-AjNU
008 230605s9999||||xx |||||||||||||| ||und||
040 _aJO-AjNU
_bara
_erda
_cJO-AjNU
041 _aara
050 1 4 _aHA29.A2
100 3 _aاعداد علي، عبد المؤمن محمد,
_eauthor
_935391
245 0 0 _aالاحصاء العملي:التخليص الاحصائي
264 3 1 _aد.م:مكتبة الشهباء
300 _a252ص
336 _atext
_btxt
_2rdacontent
337 _aunmediated
_bn
_2rdamedia
338 _avolume
_bnc
_2rdacarrier
490 0 _aسلسلة العلوم التطبيقية في العلوم الاقتصادية والتجارية والمالية
650 4 _aاحصاء
_935392
999 _aA14607
_c18175
_d18175